000 00489nam a2200169Ia 4500
005 20240404012521.0
008 240331s9999 xx 000 0 und d
082 _bPET
_a327
100 _aVale, Peter
245 0 _aOf laagers, lepers and leanness
_bSouth Africa and Regional Security in the mid - 1990s
_cPeter Value
260 _aNorway :
_bChr. Chelsen Institute /
_c1994.
300 _aiii, 45 p .,
650 _aSocial
650 _aHuman Rights
650 _aDevelopment
942 _cL
999 _c2554
_d2554